| 000 | 00876nam a2200301 a 4500 | ||
|---|---|---|---|
| 001 | ASIN0141049421 | ||
| 005 | 20170105102925.0 | ||
| 008 | 131211s2012 xxu eng d | ||
| 020 | _a0141049421 (paperback) | ||
| 020 | _a9780141049427 (paperback) | ||
| 040 | _a0 | ||
| 050 | 0 | 4 | _aDS775.8 |
| 082 | 0 | 4 |
_a327.51 _bKIS 2012 |
| 100 | 1 | _aKissinger, Henry A. | |
| 245 | 1 | 0 |
_aOn china / _cHenry A. Kissinger. |
| 260 |
_a[S.l.] : _bPenguin Books, _c2012. |
||
| 300 |
_a1 v. (unpaged) ; _c20 cm. |
||
| 520 | _aBook by Henry A. Kissinger. | ||
| 650 | 0 | _aChina | |
| 650 | 0 | _aInternational relations | |
| 650 | 0 | _aKissinger, Henry, 1923- | |
| 650 | 0 | _aPolitical science | |
| 650 | 0 | _aStatesmen | |
| 650 | 0 | _aUnited States | |
| 650 | 0 | _aWorld politics | |
| 856 | 4 | 0 |
_3Amazon.com _uhttp://www.amazon.com/exec/obidos/ASIN/0141049421/chopaconline-20 |
| 942 |
_2ddc _cBK |
||
| 999 |
_c15765 _d15765 |
||